|
|
|
|
| LEADER |
00660cam a2200193ua 4500 |
| 008 |
060815t1999||||||||||| 00 ||eng c |
| 020 |
|
|
|a 0 19 564737 8
|
| 041 |
0 |
|
|a eng
|
| 082 |
|
|
|a 303.4
|b CLA
|
| 245 |
1 |
0 |
|a Social change and political discourse in India: class formation and political transformation in post-colonial India /
|
| 260 |
|
|
|a New Delhi: OUP:
|b Oxford university Press,
|c 1999.
|
| 300 |
|
|
|a xvi,492p..
|
| 362 |
1 |
|
|a 1999.
|
| 365 |
|
|
|a Rs.350/-
|e pb.
|
| 504 |
|
|
|a .
|
| 650 |
0 |
|
|a Social change
|
| 942 |
|
|
|c BK
|
| 999 |
|
|
|c 11428
|d 11428
|
| 952 |
|
|
|0 0
|1 0
|4 0
|6 303_400000000000000_CL
|7 0
|9 11917
|a KUCL
|b KUCL
|d 2014-05-23
|l 0
|o 303.4 CL
|p 13301
|r 2014-05-23
|w 2014-05-23
|y BK
|